El movimiento sindical en Alemania / (Record no. 140489)
[ view plain ]
| 000 -LEADER | |
|---|---|
| campo de control de longitud fija | 00827nam a2200205 4500 |
| 001 - NÚMERO DE CONTROL | |
| campo de control | 140489 |
| 003 - IDENTIFICADOR DE NÚMERO DE CONTROL | |
| campo de control | ES-MaACL |
| 005 - FECHA Y HORA DE LA ÚLTIMA TRANSACCIÓN | |
| campo de control | 20230906200104.0 |
| 007 - CAMPO FIJO DE DESCRIPCIÓN FÍSICA--INFORMACIÓN GENERAL | |
| campo de control de longitud fija | t| |
| 008 - DATOS DE LONGITUD FIJA--INFORMACIÓN GENERAL | |
| campo de control de longitud fija | 070214s1932 gw r ||||1| spa d |
| 100 1# - ENTRADA PRINCIPAL--NOMBRE DE PERSONA | |
| Nombre de persona | Seidel, Richard. |
| 9 (RLIN) | 105244 |
| 245 13 - MENCIÓN DEL TÍTULO | |
| Título | El movimiento sindical en Alemania / |
| Mención de responsabilidad, etc. | por Ricardo Seidel ; con un capítulo adicional sobre los sindicatos de trabajadores no manuales por Bernhard Gohring ; [traducción española de Enrique Santiago]. |
| 260 ## - PUBLICACIÓN, DISTRIBUCIÓN, ETC. | |
| Lugar de publicación, distribución, etc. | Berlín : |
| Nombre del editor, distribuidor, etc. | Federación Sindical Internacional, |
| Fecha de publicación, distribución, etc. | 1932 ( |
| Lugar de fabricación/manufactura | Madrid : |
| Fabricante | Imp. de Torrent) |
| 300 ## - DESCRIPCIÓN FÍSICA | |
| Extensión | 124 p. ; |
| Dimensiones | 20 cm. |
| 700 1# - ENTRADA AGREGADA--NOMBRE PERSONAL | |
| Nombre de persona | Gohring, Bernhard. |
| 9 (RLIN) | 57602 |
| 700 1# - ENTRADA AGREGADA--NOMBRE PERSONAL | |
| Nombre de persona | Santiago, Enrique. |
| 9 (RLIN) | 103378 |
| 710 2# - ENTRADA AGREGADA--NOMBRE DE ENTIDAD CORPORATIVA | |
| Nombre de entidad corporativa o nombre de jurisdicción como elemento de entrada | Federación Sindical Internacional. |
| 9 (RLIN) | 4118 |
| 740 0# - ENTRADA AGREGADA--TÍTULO RELACIONADO/ANALÍTICO NO CONTROLADO | |
| Título relacionado o analítico no controlado | Los sindicatos de trabajadores no manuales. |
| 852 ## - LOCALIZACIÓN | |
| Ubicación | ES-MaACL |
| Número de control de estantería | B-13214 |
| Estatus retirado | Estado de pérdida | Estado de daño | No para préstamo | Biblioteca de origen | Biblioteca actual | Ubicación en estantería | Fecha de adquisición | Fuente de adquisición | Total de préstamos | Signatura topográfica completa | Código de barras | Visto por última vez | Precio de reemplazo | Tipo de ítem Koha |
|---|---|---|---|---|---|---|---|---|---|---|---|---|---|---|
| Biblioteca del Ateneo de Madrid | Biblioteca del Ateneo de Madrid | Sala Pardo Bazán | 17/01/2008 | B-13214 | 1146198 | 23/02/2023 | 23/02/2023 | Libro impreso |
